000 00786nam a2200229Ii 4500
003 JO-AjNU
008 230605s9999||||xx |||||||||||||| ||und||
017 _a2007/4/1124
020 _a9957-16-327-2
040 _aJO-AjNU
_bara
_erda
_cJO-AjNU
041 _aara
050 1 4 _aHV6441.B7248 2008
100 3 _aالبريزات، جهاد محمد,
_eauthor
_926724
245 0 0 _aالجريمة المنظمة : "دراسة تحليلية"
250 _aط1
264 3 1 _aعمان: دار الثقافة للنشر والتوزيع، 2008
300 _a272ص
_bيحتوي على ببلوغرافية من 265-272ص
336 _atext
_btxt
_2rdacontent
337 _aunmediated
_bn
_2rdamedia
338 _avolume
_bnc
_2rdacarrier
650 4 _aالجرائم المنظمة
_926725
999 _aA10160
_c13728
_d13728